000 00695nam a2200229Ii 4500
003 JO-AjNU
008 230605s9999||||xx |||||||||||||| ||und||
017 _a1995/8235
020 _a977-07-0414-8
040 _aJO-AjNU
_bara
_erda
_cJO-AjNU
041 _aara
050 1 4 _aPJ7826 1995
100 3 _aعاشور، رضوى ,
_eauthor
_957053
245 0 0 _aمريمة والرحيل
264 3 1 _aمصر : دار الهلال ،1995
300 _a253ص
336 _atext
_btxt
_2rdacontent
337 _aunmediated
_bn
_2rdamedia
338 _avolume
_bnc
_2rdacarrier
490 0 _aسلسلة شهرية لنشر القصص العالمى
650 4 _aقصص عربية - مصر
_957054
999 _aA25544
_c29112
_d29112